| 000 | 02125cam a22006614i 4500 | ||
|---|---|---|---|
| 003 | PE-LiUPU | ||
| 005 | 20250731170427.0 | ||
| 008 | 190403s2012 sp a r 000 0 spa d | ||
| 020 | _a8479538163 | ||
| 020 | _a9788479538163 | ||
| 035 | _a(Sirsi) a252034 | ||
| 040 |
_aPE-LiUPU _bspa _cPE-LiUPU _erda |
||
| 041 | 1 |
_aspa _heng |
|
| 049 | _aPRUA | ||
| 082 | 0 | 4 |
_a158.1 _bD96 _223 |
| 100 | 1 |
_aDuhigg, Charles, _eautor. |
|
| 245 | 1 | 4 |
_aEl poder de los hábitos : _por qué hacemos lo que hacemos en la vida y en la empresa / _cCharles Duhigg ; traducción Alicia Sánchez Millet. |
| 250 | _a6a edición. | ||
| 264 | 1 |
_aBarcelona : _bEdiciones Urano, _c2012. |
|
| 300 |
_a381 páginas : _bilustraciones ; _c23 centímetros. |
||
| 336 |
_atext _2rdacontent |
||
| 337 |
_aunmediated _2rdamedia |
||
| 338 |
_avolume _2rdacarrier |
||
| 490 | 0 | _aQuiero leer | |
| 505 | 0 | _aLos hábitos de las personas -- Los hábitos de las organizaciones de éxito -- Los hábitos de las sociedades. | |
| 526 | _aSEG68 | ||
| 526 | _aSEG70 | ||
| 526 | _aSEG69 | ||
| 526 | _aSEG67 | ||
| 526 | _aSEG43 | ||
| 526 | _aP144 | ||
| 526 | _aP143 | ||
| 526 | _aP131 | ||
| 526 | _aP122 | ||
| 526 | _aP120 | ||
| 526 | _aP117 | ||
| 526 | _aP112 | ||
| 526 | _aP110 | ||
| 526 | _aP106 | ||
| 526 | _aP101 | ||
| 526 | _aP80 | ||
| 526 | _aP59 | ||
| 526 | _aP54 | ||
| 526 | _aP35 | ||
| 526 | _aP33 | ||
| 526 | _aP30 | ||
| 534 |
_pTítulo original : _tThe power of habit : why we do what we do and how to change it. |
||
| 541 | _g003; | ||
| 650 | 0 | 4 | _aHábitos. |
| 650 | 0 | 4 | _aPsicología aplicada. |
| 650 | 0 | 4 | _aCambio (Psicología). |
| 700 | 1 |
_aSánchez Millet, Alicia, _etraductor. |
|
| 910 |
_adbm _bksl _cksl _d20190403 |
||
| 942 |
_2ddc _cBOOK |
||
| 994 |
_aC0 _bPEPRU |
||
| 596 | _a1 | ||
| 999 |
_a158.1 D9 _wDEWEY _c31292 _i80069 _f2021-11-3 _g3 _lCCODEBUL1 _mBUL _p16.89 _r0 _sY _tBOOK _u2019-4-3 _xSALUD _zP83 _0COMPRA _1FCOMPR2 _o.STAFF. Colección Ciencias de la Salud _d31292 |
||
| 980 |
_81 _gALBERTO SANCHEZ Responsable de Automatización |
||